Geschichte Multiple Choice #1 - Statistiken

Allgemein
  • Dieses Quiz wurde 7.490 mal gespielt
  • Das Durchschnittsergebnis liegt bei 9 aus 15
Antwortstatistiken
Frage Antwort % Korrekt
Welches Ereignis hat den Ersten Weltkrieg ausgelöst? Die Ermordung von Erzherzog Franz Ferdinand
85%
In welches dieser Länder fiel die Sowjetunion NIE ein? Schweden
76%
Wer war die erste Person im Erdorbit? Yuri Gagarin
76%
Welcher der folgenden Punkte war das Ergebnis von Maos "Großem Sprung nach vorne", einem Plan, Chinas Agrarwirtschaft neu zu gestalten? Eine Hungersnot, die 36 Millionen Menschen tötete
73%
Was ist ein Spieß in Bezug auf Waffen? Eine sehr lange Stichwaffe
71%
Wie viele Frauen hatte Heinrich VIII.? 6
70%
Warum haben Walfänger Pottwale gejagt? Für Öl zur Herstellung von Kerzen
67%
Wo entstand der Zoroastrismus? Persien
61%
Die Spinning Jenny war eine der frühesten Innovationen in der industriellen Revolution. Was war eine spinnende Jenny? Ein Gerät zur Herstellung von Kleidung
59%
Was der Folgenden wurde NICHT in China erfunden? Beton
58%
Welche dieser Städte wurde NICHT von den Römern gegründet? Alexandria
53%
Was verwendet ein Dendrochronologe, um Daten zu ermitteln? Baumringe
49%
Was war das Byzantinische Reich? Ein Nachfolger des Römisches Reiches
47%
Welcher dieser Autoren war NICHT Englisch? Oscar Wilde
45%
Wann wurde Moskau das letzte Mal von einer fremden Macht eingenommen? Von Napoleon in 1812
30%
Keine übereinstimmenden Quizze gefunden
Verteilung der Resultate
Anzahl Personen mit jedem Resultat
Perzentil nach korrekt beantworteten Fragen
Ihre Resultats-Entwicklung
Sie haben dieses Quiz noch nicht gespielt